• 首页
  • 本馆介绍
  • 公告通知
  • 最新文献
  • 馆藏检索
  • 电子资源
  • 读者导购
  • 参考咨询
  • 我的图书馆
  • 登录
  • 详细信息显示
  • 放入我的书架
  • 预约/预借图书
  • 作者相关作品
  • 分类相关作品
  • 丛书相关作品
  • 出版社相关作品

书目信息

  • 表格格式
  • 工作单格式
  • 卡片格式
题名:
水分析化学
    
 
作者: 黄君礼 编著
分册:  
出版信息: 北京   中国建筑工业出版社  2008
页数: 12,529页
开本: 23cm
丛书名:
单 册:
中图分类: O661.1
科图分类:
主题词: 水质分析--分析化学--高等教育--教材 , 水质分析 , 分析化学
电子资源:
ISBN: 978-7-112-09672-5
000 01075nam0 2200277 45
001 1050684531
005 20100420103457.76
010    @a978-7-112-09672-5@dCNY49.00
100    @a20100408e2008 em y0chiy0120 ea
101 0  @achi
102    @aCN@b110000
105    @ay z 000yy
106    @ar
200 1  @a水分析化学@AShui Fen Xi Hua Xue@f黄君礼编著@FHuang Jun Li Bian Zhu
205    @a3版
210    @a北京@c中国建筑工业出版社@d2008
215    @a12,529页@d23cm
300    @a普通高等教育土建学科专业“十五”规划教材高等学校给水排水工程专业指导委员会规划推荐教材
330    @a本书全面介绍了水质分析的各类基本知识和基本方法,并且对常用的水质分析方法的原理和应用作了详尽的叙述与介绍,重点对滴定法(酸碱滴定法、络合滴定法、沉淀滴定法和氧化还原滴定法)、电化学分析法、吸收光谱法、色谱法、原子光谱法的原理及其应用作了详尽的叙述与介绍。
606 0  @a水质分析@x分析化学@x高等教育@j教材
606 0  @a水质分析
606 0  @a分析化学
690    @aO661.1@v4
701  0 @a黄君礼@AHuang Jun Li@4编著
801  0 @aCN@bTANGWEI@c20100420
905    @b0589482-86@dO661.1@e5=3@f5
    
    水分析化学/黄君礼编著.-3版.-北京:中国建筑工业出版社,2008
    12,529页;23cm
    普通高等教育土建学科专业“十五”规划教材高等学校给水排水工程专业指导委员会规划推荐教材
    
    ISBN 978-7-112-09672-5:CNY49.00
    本书全面介绍了水质分析的各类基本知识和基本方法,并且对常用的水质分析方法的原理和应用作了详尽的叙述与介绍,重点对滴定法(酸碱滴定法、络合滴定法、沉淀滴定法和氧化还原滴定法)、电化学分析法、吸收光谱法、色谱法、原子光谱法的原理及其应用作了详尽的叙述与介绍。
●
相关链接 在E读中查询图书 在五车中查询图书 在当当中查询图书 在豆瓣中查询图书


正题名:水分析化学     索取号:O661.1/5=3         预约/预借

序号 登录号 条形码 馆藏地/架位号 状态 备注
1 0589482   205894825   第二样本阅览室/ [索取号:O661.1/5=3] 在馆    
2 0589483   205894834   第三借阅区/ [索取号:O661.1/5=3] 在馆    
3 0589484   205894843   第三借阅区/ [索取号:O661.1/5=3] 在馆    
4 0589485   205894852   第三借阅区/ [索取号:O661.1/5=3] 在馆    
5 0589486   205894861   第三借阅区/ [索取号:O661.1/5=3] 在馆    
唐山师范学院图书馆 欢迎您!
大连网信软件有限公司© 版权所有